000 00982nas a2200313 4500
001 BR2013010754
003 BR-BrBNA
005 20231205123516.0
007 ta
008 230509b bl.|||p| |||| 00| 00por d
040 _aBR-BrBNA
_bpor
_cBiblioteca Nacional de Agricultura
041 _a(Pt)
072 _aN20; H20
100 1 _aGarcia, L.C.
100 1 _aRaetano, C.G.
100 1 _aWilcken, S.R.S.
100 1 _aRamos, H.H.
100 1 _aLeite, L.G.
100 1 _aMoscardi, F.
245 1 _aPressurização da calda de pulverização na viabilidade de microrganismos entomopatogênicos
650 _aCONTROLE BIOLÓGICO
650 _aEQUIPAMENTO AGRÍCOLA
650 _aFUNGO
650 _aBACTÉRIA PATOGÊNICA
773 0 _tEngenharia Agrícola (Brazil)
_xISSN 0100-6916
_g(Sep-Dec 2005), v. 25(3) p. 783-790
_wBR2013010754
856 4 0 _uhttp://www.scielo.br/pdf/eagri/v25n3/28075.pdf
909 _a202311
_bLúcia
_c55
_dLúcia Elande
942 _2AGRIS
_n0
_cANA
999 _c234267
_d234267